<?xml version="1.0" encoding="UTF-8"?>
<record
    xmlns:xsi="http://www.w3.org/2001/XMLSchema-instance"
    xsi:schemaLocation="http://www.loc.gov/MARC21/slim http://www.loc.gov/standards/marcxml/schema/MARC21slim.xsd"
    xmlns="http://www.loc.gov/MARC21/slim">

  <leader>03494cam a22003135a 4500</leader>
  <datafield tag="999" ind1=" " ind2=" ">
    <subfield code="c">26940</subfield>
    <subfield code="d">26912</subfield>
  </datafield>
  <controlfield tag="001">19399165</controlfield>
  <controlfield tag="005">20181103151049.0</controlfield>
  <controlfield tag="008">161206t2016    flua   frb    001 0 eng d</controlfield>
  <datafield tag="010" ind1=" " ind2=" ">
    <subfield code="a">  2016427979</subfield>
  </datafield>
  <datafield tag="020" ind1=" " ind2=" ">
    <subfield code="a">9781498736305 (hdb)</subfield>
  </datafield>
  <datafield tag="035" ind1=" " ind2=" ">
    <subfield code="a">(OCoLC)ocn913768204</subfield>
  </datafield>
  <datafield tag="040" ind1=" " ind2=" ">
    <subfield code="a">YDXCP</subfield>
    <subfield code="b">eng</subfield>
    <subfield code="c">YDXCP</subfield>
    <subfield code="d">BDX</subfield>
    <subfield code="d">OCLCQ</subfield>
    <subfield code="d">BTCTA</subfield>
    <subfield code="d">OCLCQ</subfield>
    <subfield code="d">CDX</subfield>
    <subfield code="d">OCLCO</subfield>
    <subfield code="d">OCLCF</subfield>
    <subfield code="d">IPL</subfield>
    <subfield code="d">OCL</subfield>
    <subfield code="d">DLC</subfield>
    <subfield code="d">EG-ScBUE</subfield>
  </datafield>
  <datafield tag="082" ind1="0" ind2="4">
    <subfield code="a">621.4022</subfield>
    <subfield code="b">REB</subfield>
    <subfield code="2">22</subfield>
  </datafield>
  <datafield tag="100" ind1="1" ind2=" ">
    <subfield code="a">Rebay, Mourad.</subfield>
    <subfield code="9">41883</subfield>
  </datafield>
  <datafield tag="245" ind1="1" ind2="0">
    <subfield code="a">Microscale and nanoscale heat transfer :</subfield>
    <subfield code="b">analysis, design, and applications /</subfield>
    <subfield code="c">Mourad Rebay, Sadik Kaka&#xE7;, Renato M. Cotta.</subfield>
  </datafield>
  <datafield tag="260" ind1=" " ind2=" ">
    <subfield code="a">Boca Raton, FL :</subfield>
    <subfield code="b">CRC Press / Taylor &amp; Francis Group,</subfield>
    <subfield code="c">c.2016.</subfield>
  </datafield>
  <datafield tag="300" ind1=" " ind2=" ">
    <subfield code="a">xvii, 487 p. :</subfield>
    <subfield code="b">ill. ;</subfield>
    <subfield code="c">26 cm.</subfield>
  </datafield>
  <datafield tag="504" ind1=" " ind2=" ">
    <subfield code="a">Includes bibliographical references and index.</subfield>
  </datafield>
  <datafield tag="505" ind1="0" ind2=" ">
    <subfield code="a">Chapter 1. Interface resistance and thermal transport in nano-confined liquids / Murat Barisik and Ali Beskok --
chapter 2. Molecular dynamics simulations for water-metal interfacial thermal resistance / Jerry Vera and Yildiz Bayazitoglu --
chapter 3. Convective heat transfer enhancement with nanofluids : a state-of-the-art review / Sad&#x131;k Kaka&#xE7; and Anchasa Pramuanjaroenkij --
chapter 4. Heat conduction in nanofluids / J.L. Wang and X. Zhang --
chapter 5. Thermophysical properties of nanofluids / S. &#xD6;zerin&#xE7;, Sad&#x131;k Kaka&#xE7;, and Almila G&#xFC;ven&#xE7; Yazicio&#x11F;lu --
chapter 6. Stability of nanofluids : fundamentals, state-of-the-art, and potential applications / Eski&#x15F;ehir B. El&#xE7;io&#x11F;lu, E. &#x15E;im&#x15F;ek, and Tuba Okutucu-&#xD6;zyurt --
chapter 7. Numerical approaches for convective heat transfer with nanofluids / Ismail Ozan Sert, Nilay Sezer-Uzol, and Sad&#x131;k Kaka&#xE7; --
chapter 8. Heat pipes and nanotechnologies / Leonard L. Vasiliev and Leonid L. Vasiliev, Jr. --
chapter 9. Nanofluid flow simulation as the flow through the porous media / Amarin Tongkratoke, Anchasa Pramuanjaroenkij, and Sad&#x131;k Kaka&#xE7; --
chapter 10. Convective heat transfer with gaseous flow in microducts / Almila G&#xFC;ven&#xE7; Yazicio&#x11F;lu and Sad&#x131;k Kaka&#xE7; --
chapter 11. Numerical simulation of combined microscale effects on convective heat transfer in single-phase flows / Mourad Rebay, Yassine Kabar, and Sad&#x131;k Kaka&#xE7; --
chapter 12. Numerical and experimental studies of liquid and gas flow and heat transfer in microchannels and nozzles / Ya-Ling He and Wen-Quan Tao --
chapter 13. Analytical-numerical solutions for conjugated heat transfer in multistream microsystems / J.L.Z. Zotin, Diego C. Knupp, and Renato M. Cotta --
chapter 14. Direct-inverse problem analysis in the thermal characterization of microsystems / Carolina P. Naveira-Cotta --
chapter 15. Application of the Lattice Boltzmann Method (LBM) to thermal microflows / A.A. Mohamad and Khaled M. Issa --
chapter 16. Heat and fluid flow of gases in porous media with micropores : slip flow regime / Moghtada Mobedi, Murat Barisik, and A. Nakayama --
chapter 17. Numerical analysis of subcooled convective boiling in microchannels / Mourad Rebay, Ghazali Mebarki, Nadim El Wakil, and Anis Hamza --
chapter 18. Two-phase flow in microchannels / Nadia Caney, Hasna Louahlia-Gualous, and Andr&#xE9; Bontemps.</subfield>
  </datafield>
  <datafield tag="650" ind1=" " ind2="7">
    <subfield code="a">Heat</subfield>
    <subfield code="x">Transmission.</subfield>
    <subfield code="2">BUEsh</subfield>
  </datafield>
  <datafield tag="650" ind1=" " ind2="7">
    <subfield code="a">Microelectromechanical systems.</subfield>
    <subfield code="2">BUEsh</subfield>
  </datafield>
  <datafield tag="650" ind1=" " ind2="7">
    <subfield code="a">Nanoelectromechanical systems.</subfield>
    <subfield code="2">BUEsh</subfield>
  </datafield>
  <datafield tag="651" ind1=" " ind2=" ">
    <subfield code="2">BUEsh</subfield>
  </datafield>
  <datafield tag="653" ind1=" " ind2=" ">
    <subfield code="b">ENGGEN</subfield>
    <subfield code="b">ENGMEC</subfield>
    <subfield code="c">November2018</subfield>
  </datafield>
  <datafield tag="655" ind1=" " ind2=" ">
    <subfield code="v">Reading book</subfield>
  </datafield>
  <datafield tag="700" ind1="1" ind2=" ">
    <subfield code="a">Kaka&#xE7;, S.</subfield>
    <subfield code="q">(Sad&#x131;k)</subfield>
    <subfield code="9">41884</subfield>
  </datafield>
  <datafield tag="700" ind1="1" ind2=" ">
    <subfield code="a">Cotta, Renato Machado.</subfield>
    <subfield code="9">41885</subfield>
  </datafield>
  <datafield tag="942" ind1=" " ind2=" ">
    <subfield code="2">ddc</subfield>
  </datafield>
  <datafield tag="952" ind1=" " ind2=" ">
    <subfield code="0">0</subfield>
    <subfield code="1">0</subfield>
    <subfield code="2">ddc</subfield>
    <subfield code="4">0</subfield>
    <subfield code="7">0</subfield>
    <subfield code="8">Baccah</subfield>
    <subfield code="a">MAIN</subfield>
    <subfield code="b">MAIN</subfield>
    <subfield code="c">1ST</subfield>
    <subfield code="d">2018-11-03</subfield>
    <subfield code="e">Purchase</subfield>
    <subfield code="g">2700.00</subfield>
    <subfield code="l">0</subfield>
    <subfield code="o">621.4022 REB</subfield>
    <subfield code="p">000043770</subfield>
    <subfield code="r">2025-07-15 00:00:00</subfield>
    <subfield code="y">NB</subfield>
  </datafield>
  <datafield tag="952" ind1=" " ind2=" ">
    <subfield code="0">0</subfield>
    <subfield code="1">0</subfield>
    <subfield code="2">ddc</subfield>
    <subfield code="4">0</subfield>
    <subfield code="7">0</subfield>
    <subfield code="8">Baccah</subfield>
    <subfield code="a">MAIN</subfield>
    <subfield code="b">MAIN</subfield>
    <subfield code="c">1ST</subfield>
    <subfield code="d">2018-11-03</subfield>
    <subfield code="e">Purchase</subfield>
    <subfield code="g">2700.00</subfield>
    <subfield code="l">2</subfield>
    <subfield code="m">2</subfield>
    <subfield code="o">621.4022 REB</subfield>
    <subfield code="p">000043771</subfield>
    <subfield code="r">2025-07-15 00:00:00</subfield>
    <subfield code="s">2020-11-18</subfield>
    <subfield code="y">BB</subfield>
  </datafield>
  <datafield tag="952" ind1=" " ind2=" ">
    <subfield code="0">0</subfield>
    <subfield code="1">0</subfield>
    <subfield code="2">ddc</subfield>
    <subfield code="4">0</subfield>
    <subfield code="7">0</subfield>
    <subfield code="8">Baccah</subfield>
    <subfield code="a">MAIN</subfield>
    <subfield code="b">MAIN</subfield>
    <subfield code="c">1ST</subfield>
    <subfield code="d">2018-11-03</subfield>
    <subfield code="e">Purchase</subfield>
    <subfield code="g">2700.00</subfield>
    <subfield code="l">0</subfield>
    <subfield code="o">621.4022 REB</subfield>
    <subfield code="p">000043772</subfield>
    <subfield code="r">2025-07-15 00:00:00</subfield>
    <subfield code="y">BB</subfield>
  </datafield>
</record>
